000 01448nam a2200337 c 4500
999 _c56642
_d56642
003 BLK
005 20221201131142.0
008 180408b bul|||||r ||||||| ||bul||
010 _aKNG00060624000
040 _aBLK
041 _aBUL
_cBUL
080 _aБългарска литература
_b821.163.2
_x.09(075.8)
_z821.163.2.09(075.8)
080 _aРуска литература
_b821.161.1
_x.09(075.8)
_z821.161.1.09(075.8)
080 _aЛитература на отделни езици и езикови семейства
_b821
_x.09(075.8)
_z821.09(075.8)
100 1 _aАтанасов, Жечо
_eпърви автор
_9286723
139 _aДетска литература
_bД 45
245 1 0 _aДетска литература
_bЗа инст. за нач. учители
_cЖечо Атанасов.
257 _aBGR
260 _bНар. просв.
_c1980
_aСофия
300 _a359 с.
_bс ил. и факс.
_c22 см
380 _a82
500 _aДруги авт. Георги Веселинов, Симеон Янев, Надежда Ковачева, Тодор Янчев.
650 4 _aЛитература, детска - учебници
_9287014
653 _aдетска литература
653 _aучебници за ВУЗ
852 _aЦб 102145
856 4 _qpdf
_i0.00
_ldisable
856 4 _qpdf
_i0.00
_ldisable
942 _cKNG
_n0
_09
_s1
944 _aCR
_c13.06.2004
_kЧиталня
944 _aED
_c06.10.2016
_kТеодора_Стоянова
999 _d56642